| 000 | | | 04423nmc2a22003131x 450 |
| 001 | | | 89c1bf5a-ac9d-4cab-98bc-3c286b9b4b54 |
| 005 | | | 20131219043509.0 |
| 100 | ## | $a | 20130529l18921902k y0rusy50 ca |
| 101 | 0# | $a | rus |
| 102 | ## | $a | RU |
| 105 | ## | $a | y z ||||| |
| 122 | 2# | $a | d18920524 |
| | $a | d19021226 |
| 200 | 1# | $a | Ковалевской Надежде Федоровне, урожд. Морошкиной |
| | $j | 24 мая 1892 - 26 декабря 1902 |
| 215 | ## | $a | 69 листов |
| | $c | марки |
| 251 | ## | $c | Дело |
| 300 | ## | $a | Заголовок на первом листе дела: Письма и телеграммы Кони Анатолия Федоровича к Коваленской Надежде Федоровне (урожденной Морошкиной) |
| 300 | ## | $a | Письмо от 19 января 1900 г., на обороте письма Герке к Кони |
| 300 | ## | $a | 63 письма |
| 300 | ## | $a | Листы 1-8, 11-43, 50, 51, 54-63, 66, 67, 69 имеют марки. Лист 9 имеет монограмму |
| 300 | ## | $a | Рукописный текст |
| 330 | ## | $a | Переписка А. Ф. Кони; Письма А. Ф. Кони |
| 461 | #0 | $1 | 0013a54f2e3-e9cf-409b-80fa-f0a9bd3c40cb |
| | $1 | 2001 |
| | $a | Кони Анатолий Федорович, юрист, литератор, член академии наук, председатель Санкт-Петербургского окружного суда, член государственного совета |
| | $1 | 251 |
| | $c | Фонд |
| | $1 | 852 |
| | $j | 564 |
| 462 | #0 | $1 | 00178a475cd-a47d-4377-bff3-cee4b81de655 |
| | $1 | 2001 |
| | $a | Опись дел фонда А. Ф. Кони за 1880-1931 гг. |
| | $1 | 251 |
| | $c | Опись |
| | $1 | 852 |
| | $j | 1 |
| 517 | ## | $a | Письма и телеграммы Кони Анатолия Федоровича к Коваленской Надежде Федоровне (урожденной Морошкиной) |
| 600 | #1 | $a | Кони |
| | $b | А. Ф. |
| | $f | 1844-1927 |
| | $g | Анатолий Федорович |
| 600 | #1 | $a | Коваленская |
| | $b | Н. Ф. |
| | $g | Надежда Федоровна |
| 801 | #0 | $a | RU |
| | $b | GA_RF |
| 801 | #1 | $a | RU |
| | $b | НПО Опыт |
| | $c | 20130529 |
| | $2 | rusmarc |
| 801 | #2 | $a | RU |
| | $b | ПБ им. Б.Н. Ельцина |
| | $c | 20131219 |
| | $g | RCR |
| | $2 | rusmarc |
| 852 | ## | $a | ГА РФ |
| | $j | 824 |
| 937 | ## | $d | 42302996 |
| | $h | ПБ |
| 035 | ## | $a | RuPRLIB51002814 |